Návrh informačného systému na správu miestností v budove Stavebnej fakulty STU

Enregistré dans:
Détails bibliographiques
Auteur principal: Haštová, Martina, 1985- (Auteur)
Autres auteurs: Ďuračiová, Renata, 1975- (Directeur de thèse)
Format: Manuscrit Livre
Langue:slovaque
Publié: Bratislava : STU v Bratislave SvF, 2010
Sujets:
Accès en ligne:VAIS
Tags: Ajouter un tag
Pas de tags, Soyez le premier à ajouter un tag!

MARC

LEADER 00000ntm a22000003a 4500
001 stu229500
005 20150617230150.1
008 110708s2010----xo------------------slo-d
040 |a STU  |b slo 
041 0 |a slo 
044 |a xo 
100 1 |a Haštová, Martina,  |d 1985-  |4 aut  |u V  |T SvF Stavebná fakulta  |X 10702  |U V  |Y 10  |7 A000010702 
242 0 0 |a Design of an information management system for the rooms in the building of Faculty of Civil Engineering  |y eng 
245 1 |a Návrh informačného systému na správu miestností v budove Stavebnej fakulty STU 
260 |a Bratislava :  |b STU v Bratislave SvF,  |c 2010 
650 7 |a geodézia a kartografia  |2 stusub 
650 7 |a Geodesy and Cartography  |2 estusub 
650 7 |a information system  |2 estusub 
650 7 |a database  |2 estusub 
650 7 |a databáza  |2 stusub 
650 7 |a informačný systém  |2 stusub 
700 1 |a Ďuračiová, Renata,  |d 1975-  |4 ths  |u V130  |U SvF Stavebná fakulta  |T SvF Katedra geodetických základov  |X 950  |U V130  |Y 13  |7 A000000950 
856 4 |a info a plný text  |u http://is.stuba.sk/zp/portal_zp.pl?podrobnosti=59458  |3 VAIS